<?xml version="1.0" encoding="UTF-8"?><?xml-stylesheet type="text/xsl" href="static/style.xsl"?><OAI-PMH xmlns="http://www.openarchives.org/OAI/2.0/" xmlns:xsi="http://www.w3.org/2001/XMLSchema-instance" xsi:schemaLocation="http://www.openarchives.org/OAI/2.0/ http://www.openarchives.org/OAI/2.0/OAI-PMH.xsd"><responseDate>2026-04-14T08:18:41Z</responseDate><request verb="GetRecord" identifier="oai:www.recercat.cat:2099.1/13269" metadataPrefix="marc">https://recercat.cat/oai/request</request><GetRecord><record><header><identifier>oai:recercat.cat:2099.1/13269</identifier><datestamp>2025-07-22T19:06:42Z</datestamp><setSpec>com_2072_1033</setSpec><setSpec>col_2072_452951</setSpec></header><metadata><record xmlns="http://www.loc.gov/MARC21/slim" xmlns:dcterms="http://purl.org/dc/terms/" xmlns:xsi="http://www.w3.org/2001/XMLSchema-instance" xmlns:doc="http://www.lyncode.com/xoai" xsi:schemaLocation="http://www.loc.gov/MARC21/slim http://www.loc.gov/standards/marcxml/schema/MARC21slim.xsd">
   <leader>00925njm 22002777a 4500</leader>
   <datafield ind2=" " ind1=" " tag="042">
      <subfield code="a">dc</subfield>
   </datafield>
   <datafield ind2=" " ind1=" " tag="720">
      <subfield code="a">Roca Saquero, Roger</subfield>
      <subfield code="e">author</subfield>
   </datafield>
   <datafield ind2=" " ind1=" " tag="260">
      <subfield code="c">2005-01</subfield>
   </datafield>
   <datafield ind2=" " ind1=" " tag="520">
      <subfield code="a">Una bona eina per mesurar l'estat del mercat de treball en qualsevol àmbit territorial és l'atur, que mesura el nombre de persones que estan en situació de treballar i busquen feina. En l'actualitat hi ha dues fonts d'informació estadística que proporcionen dades sobre l'atur: l'Enquesta de Població Activa (EPA) i la del registre d'aturats del Instituto Nacional del Empleo (INEM). Hi ha una tercera font d'informació, el Cens de població (que s'elabora des del Instituto Nacional de Estadística), pero la seva periodicitat (de deu anys, 1991-2001, amb una renovació padronal a la meitat del període, a l'any 1996) no permet fer un anàlisi continu en el temps sobre l'atur.&#xd;
Les dues fonts d'informació principals, EPA i INEM, mesuren l'atur d'una manera molt diferent:&#xd;
l. EPA. Aturat és aquell individu que, en el moment de realitzar l'enquesta està sense feina, en busca i està disponible per treballar.&#xd;
2. Aturat INEM. Aturat és aquell individu que esta donat d'alta en una oficina de treball (cal tenir en compte, però, que aquest definició ha variat de forma sensible a partir del mes de maig d'enguany, tal i com es comenta més endavant).&#xd;
Però l'objectiu del present estudi no és analitzar les diferencies entre les dues fonts, sinó triar-ne una que sigui útil per treballar-hi amb l'eina d'anàlisi que utilitzarem en aquest estudi, com és&#xd;
l'Anàlisi de Series Temporals.</subfield>
   </datafield>
   <datafield tag="653" ind2=" " ind1=" ">
      <subfield code="a">Àrees temàtiques de la UPC::Matemàtiques i estadística::Investigació operativa</subfield>
   </datafield>
   <datafield tag="653" ind2=" " ind1=" ">
      <subfield code="a">Àrees temàtiques de la UPC::Matemàtiques i estadística::Estadística matemàtica::Sèries temporals</subfield>
   </datafield>
   <datafield tag="653" ind2=" " ind1=" ">
      <subfield code="a">Operations research</subfield>
   </datafield>
   <datafield tag="653" ind2=" " ind1=" ">
      <subfield code="a">Time-series analysis--Case Studies</subfield>
   </datafield>
   <datafield tag="653" ind2=" " ind1=" ">
      <subfield code="a">Sèries temporals -- Anàlisi</subfield>
   </datafield>
   <datafield tag="653" ind2=" " ind1=" ">
      <subfield code="a">Atur -- Sabadell (Catalunya)</subfield>
   </datafield>
   <datafield tag="653" ind2=" " ind1=" ">
      <subfield code="a">Classificació AMS::62 Statistics::62M Inference from stochastic processes</subfield>
   </datafield>
   <datafield ind2="0" ind1="0" tag="245">
      <subfield code="a">Anàlisi de l'atur registrat : a través de l'anàlisi de sèries temporals</subfield>
   </datafield>
</record></metadata></record></GetRecord></OAI-PMH>